000 00662cam a22001935a 4500
001 L156283
008 120510s1871 xxk f 000 0 eng d
035 _a(Sirsi) u156283
041 0 _aeng
110 2 _aGreat Britain
_bRoyal Coal Commission
_96067
245 0 0 _aMaps and sections to accompany the report of the Royal Coal Commission, 1871
260 _a[London
_bH.M.S.O.
_c1871]
300 _a1 portfolio (10 fold. items)
_ball col. ill.., maps
_cfol.
520 _aNumbered: C.435-III.
583 0 _aCondition reviewed
_c20120620
_lcondition level 4, detached covers
651 4 _aGreat Britain
_y1707-
690 _aMinerals and waste
_96257
942 _n0
999 _c114153
_d114153